000 00348nam a2200133Ia 4500
008 151001s9999||||xx |||||||||||||| ||und||
100 _aPattanaik Chndra Mohan
245 _aHuman Rights Gender and Environment
250 _a1
260 _bSwastik Prakashna
260 _c2013
300 _a248
365 _b21
999 _c1001737
_d1001734